• 首页
  • 本馆介绍
  • 公告通知
  • 最新文献
  • 馆藏检索
  • 电子资源
  • 读者导购
  • 参考咨询
  • 我的图书馆
  • 登录
  • 详细信息显示
  • 放入我的书架
  • 预约/预借图书
  • 作者相关作品
  • 分类相关作品
  • 丛书相关作品
  • 出版社相关作品

书目信息

  • 表格格式
  • 工作单格式
  • 卡片格式
题名:
江泽民论加强和改进执政党建设
    
 
作者: ;中共中央政策研究室 , 中共中央文献研究室 编
分册: 专题摘编  
出版信息: 北京   中央文献出版社  2004
页数: 585页
开本: 20cm
丛书名:
单 册:
中图分类: D2-0 , D26
科图分类:
主题词: 江泽民--中国共产党--党的建设--理论研究
电子资源:
ISBN: 7-80168-155-X
000 00915nam0 2200229 450
001 0756397582
005 20070712162627.20
010    @a7-80168-155-X@dCNY36.00
100    @a20070704d2004 km y0chiy0120 ea
101 0  @achi
102    @aCN@b110000
102    @aCN@b110000
200 1  @a江泽民论加强和改进执政党建设@Ajiang ze min lun jia qiang he gai jin zhi zheng dang jian she@h专题摘编@f中共中央政策研究室,中共中央文献研究室编@Fzhong gong zhong yang zheng ce yan jiu shi,zhong gong zhong yang wen xian yan jiu shi bian
210    @a北京@c中央文献出版社@c研究出版社@d2004
215    @a585页@d20cm
606 0  @a江泽民@x中国共产党@x党的建设@x理论研究
690    @aD2-0@v3
690    @aD26@v3
711 02 @a中共中央政策研究室@Azhong gong zhong yang zheng ce yan jiu shi@4编
711 02 @a中共中央文献研究室@Azhong gong zhong yang wen xian yan jiu shi@4编
801  0 @aCN@bPFT@c20070712
905    @a10447@dD2-0@e120
    
    江泽民论加强和改进执政党建设.专题摘编/中共中央政策研究室,中共中央文献研究室编.-北京:中央文献出版社:研究出版社,2004
    585页;20cm
    
    
    ISBN 7-80168-155-X:CNY36.00
    
●
相关链接 在E读中查询图书 在五车中查询图书 在当当中查询图书 在豆瓣中查询图书


正题名:江泽民论加强和改进执政党建设     索取号:D2-0/120         预约/预借

序号 登录号 条形码 馆藏地/架位号 状态 备注
1 0765252   207652529   第一样本阅览室/ [索取号:D2-0/120] 在馆    
2 0766385   207663857   第一借阅区/ [索取号:D2-0/120] 在馆    
3 0769890   207698909   密集书库/ [索取号:D2-0/120] 在馆    
唐山师范学院图书馆 欢迎您!
大连网信软件有限公司© 版权所有